000 01840nam0a22003611 4500
001 rc\650729
005 20031121165014.5
035 _a(NLR Aleph) 005890943
090 _a6176800
_c6176800
100 _a20031121d1986 u |0rusy50 ca
101 0 _arus
102 _aRU
105 _aa |||||||||
200 1 _aСтихотворения и поэмы
_fА. Твардовский
_gСост. М.И. Твардовской
_gПодгот. текста и примеч. Л.Г. Чашиной, Э.М. Шнейдермана
_g[Вступ. ст. А.В. Македонова, с. 5-48]
210 _aЛ.
_cСов. писатель. Ленингр. отд-ние
_d1986
215 _a894, [1] с., [1] л. портр.
_d21
320 _aБиблиогр. в примеч.: с. 835-877
320 _aАлф. указ.: с. 878-887
327 1 _aСодерж.: Стихотворения; Поэмы: Путь Василия Петрова: Из поэмы "Вступление"; Вор: Из поэмы "Мужичок горбатый; Страна Муравия; За далью - даль; Василий Теркин: Кн. про бойца; Дом у дороги: Лирич. хроника
464 0 _12001#$aСтихотворения
464 0 _12001#$aПуть Василия Петрова
464 0 _12001#$aВор
464 0 _12001#$aСтрана Муравия
464 0 _12001#$aЗа далью - даль
464 0 _12001#$aВасилий Теркин
464 0 _12001#$aДом у дороги
700 1 _aТвардовский
_bА. Т.
_f1910-1971
_gАлександр Трифонович
702 1 _aТвардовская
_bМ. И.
_gМария Илларионовна
_4220
801 0 _aRU
_bNLR
_gpsbo
801 1 _aRU
_bELAR
_2rusmarc
852 _aNLR
_j86-3/4155
942 _cBOOK
980 _aNB